Catalog

Record Details

Catalog Search



Člověk se sluchovým postižením  Cover Image Book Book

Člověk se sluchovým postižením / Kateřina Hádková

Record details

  • ISBN: 978-80-7290-619-2
  • Physical Description: 302 stran : ilustrace, mapy, portréty, faksimile ; 21 cm
  • Publisher: Praha : Univerzita Karlova, Pedagogická fakulta, 2016

Content descriptions

Bibliography, etc. Note:
Obsahuje bibliografii, bibliografické odkazy a rejstřík
Language Note:
České a anglické resumé
Subject: osoby se sluchovým postižením
speciální pedagogika
interpersonální komunikace
komunikace (sdělování)
kompenzační pomůcky
poradenství
výchovné poradenství
hearing impaired
special education
interpersonal communication
human communication
compensatory aids
consulting services
educational counseling
Genre: monografie
monographs

Available copies

  • 1 of 1 copy available at Common Catalog SPOK.

Holds

  • 0 current holds with 1 total copy.
Show Only Available Copies
Location Call Number / Copy Notes Barcode Shelving Location Status Due Date
Jabok Library PeS-5.2/H 424480046184 Odborná literatura Available -

LDR 02107nam a2200589 i 4500
00157428
003CZ-PrJAB
00520200525111604.0
007ta
008170626s2016 xr abchf 001 0 cze
015 . ‡acnb002904921
020 . ‡a978-80-7290-619-2 ‡q(brožováno)
035 . ‡a(CZ PrNK)nkc20172904921
035 . ‡a(OCoLC)1003288454
040 . ‡aBOA001 ‡bcze ‡dABA001 ‡erda
0410 . ‡acze ‡bcze ‡beng
072 7. ‡a376 ‡xVýchova a vzdělávání zvláštních skupin osob ‡2Konspekt ‡922
080 . ‡a316.344.6-056.263 ‡2MRF
080 . ‡a376 ‡2MRF
080 . ‡a316.772.4 ‡2MRF
080 . ‡a316.77 ‡2MRF
080 . ‡a616-74/-76 ‡2MRF
080 . ‡a659.2 ‡2MRF
080 . ‡a37.048.3 ‡2MRF
080 . ‡a(048.8) ‡2MRF
1001 . ‡aHádková, Kateřina ‡7xx0122942 ‡4aut
24510. ‡aČlověk se sluchovým postižením / ‡cKateřina Hádková
264 1. ‡aPraha : ‡bUniverzita Karlova, Pedagogická fakulta, ‡c2016
300 . ‡a302 stran : ‡bilustrace, mapy, portréty, faksimile ; ‡c21 cm
336 . ‡atext ‡btxt ‡2rdacontent
337 . ‡abez média ‡bn ‡2rdamedia
338 . ‡asvazek ‡bnc ‡2rdacarrier
504 . ‡aObsahuje bibliografii, bibliografické odkazy a rejstřík
546 . ‡aČeské a anglické resumé
65007. ‡aosoby se sluchovým postižením ‡7ph116187 ‡2czenas
65007. ‡aspeciální pedagogika ‡7ph116230 ‡2czenas
65007. ‡ainterpersonální komunikace ‡7ph121153 ‡2czenas
65007. ‡akomunikace (sdělování) ‡7ph114956 ‡2czenas
65007. ‡akompenzační pomůcky ‡7ph121759 ‡2czenas
65007. ‡aporadenství ‡7ph124359 ‡2czenas
65007. ‡avýchovné poradenství ‡7ph127430 ‡2czenas
65009. ‡ahearing impaired ‡2eczenas
65009. ‡aspecial education ‡2eczenas
65009. ‡ainterpersonal communication ‡2eczenas
65009. ‡ahuman communication ‡2eczenas
65009. ‡acompensatory aids ‡2eczenas
65009. ‡aconsulting services ‡2eczenas
65009. ‡aeducational counseling ‡2eczenas
655 7. ‡amonografie ‡7fd132842 ‡2czenas
655 9. ‡amonographs ‡2eczenas
910 . ‡aABG312
995 . ‡aska
901 . ‡a57428 ‡bAUTOGEN ‡c57428 ‡tbiblio

Additional Resources